Rozvojová pomoc zborník príspevkov z medzinárodnej vedeckej konferencie

Gespeichert in:
Bibliographische Detailangaben
Körperschaften: Rozvojová pomoc. Medzinárodná vedecká konferencia, Ekonomická univerzita v Bratislave. Fakulta medzinárodných vzťahov
Weitere Verfasser: Lipková, Ľudmila, Raslavská, Ivana
Format: Buch
Sprache:Slowakisch
Tschechisch
Englisch
Veröffentlicht: Bratislava Vydavateľstvo EKONÓM 2006
Schlagworte:
Tags: Tag hinzufügen
Keine Tags, Fügen Sie das erste Tag hinzu!

MARC

LEADER 00000nam$a2200000$$$4500
001 0050379
005 20240502071559.2
020 |a 80-225-2245-7 
041 0 |a slo 
041 0 |a cze 
041 0 |a eng 
044 |a SK 
245 1 0 |a Rozvojová pomoc  |b zborník príspevkov z medzinárodnej vedeckej konferencie  |c vedecký redaktor zborníka: Ľudmila Lipková, zostavovateľka zborníka: Ivana Raslavská 
264 1 |a Bratislava  |b Vydavateľstvo EKONÓM  |c 2006 
300 |a 168 s. 
610 2 0 |a pomoc rozvojová 
610 2 0 |a Slovensko 
610 2 0 |a Európska únia 
610 2 0 |a Japonsko 
610 2 0 |a Čína 
610 2 0 |a USA 
610 2 0 |a migrácia 
610 2 0 |a vzťahy medzinárodné 
610 2 0 |a 2006 
700 1 |a Lipková, Ľudmila 
700 1 |a Raslavská, Ivana 
110 2 |a Rozvojová pomoc. Medzinárodná vedecká konferencia 
710 2 |a Ekonomická univerzita v Bratislave. Fakulta medzinárodných vzťahov